Tenkovrstvový elektrochemický mikrosenzor pre impedančnú a optickú diagnostiku krvi : č. ved. odb. 26-13-9, Dát. obhajoby 09.07.2009

Gespeichert in:
Bibliographische Detailangaben
1. Verfasser: Víglaský, Radovan, 1980- (Verfasst von)
Weitere Verfasser: Tvarožek, Vladimír, 1943- (Betreuung Doktorarbeit)
Format: Manuskript Buch
Sprache:Slowakisch
Veröffentlicht: Bratislava : STU v Bratislave FEI, 2009
Schlagworte:
Tags: Tag hinzufügen
Keine Tags, Fügen Sie das erste Tag hinzu!

MARC

LEADER 00000ntm a22000003a 4500
001 stu187374
005 20160719165115.6
008 090713s2009----xo------------------slo-d
040 |a STU  |b slo 
041 0 |a slo 
044 |a xo 
100 1 |a Víglaský, Radovan,  |d 1980-  |4 aut  |X 2665  |7 A000002665 
245 1 |a Tenkovrstvový elektrochemický mikrosenzor pre impedančnú a optickú diagnostiku krvi :  |b č. ved. odb. 26-13-9, Dát. obhajoby 09.07.2009 
260 |a Bratislava :  |b STU v Bratislave FEI,  |c 2009 
300 |a 106 s  |c príl. P-18 s., príl. OP-25 s 
650 7 |a elektronika  |2 stusub 
650 7 |a Mikroelektronika  |2 stusub 
650 7 |a mikrosenzory  |2 stusub 
650 7 |a diagnostika  |2 stusub 
700 1 |a Tvarožek, Vladimír,  |d 1943-  |4 ths  |u E030  |U FEI Fakulta elektrotechniky a informatiky  |T FEI Ústav elektroniky a fotoniky  |X 2107  |U E030  |Y 549  |7 A000002107 
996 |b 284ED01234  |c E*ZP-98  |l EE01  |s A  |a 24  |w stu187374_0001